| 000 | 00609nam a2200193 4500 | ||
|---|---|---|---|
| 001 | 144308 | ||
| 003 | ES-MaACL | ||
| 005 | 20240513120103.0 | ||
| 007 | t| | ||
| 008 | 070214s1973 sp r ||||1| spa d | ||
| 100 | 1 |
_aSieyès, Emmanuel Joseph. _9106296 |
|
| 245 | 1 | 1 |
_a¿Qué es el tercer estado? / _cEmmanuel-Joseph Sieyés ; introducción, traducción, y notas de Francisco Ayala. |
| 250 | _a1ª. ed. | ||
| 260 |
_aMadrid : _bAguilar, _c1973. |
||
| 300 |
_aXIX, 119 p. ; _c19 cm. |
||
| 700 | 1 |
_aAyala, Francisco, _d1906-2009 _924111 |
|
| 852 |
_aES-MaACL _jC-53037 _bR.85446 |
||
| 999 |
_c144308 _d144308 |
||